|
|
|
|
| LEADER |
00000nam0a2200000 4500 |
| 001 |
186933 |
| 005 |
20231101224027.0 |
| 010 |
|
|
|a 9785397013802
|
| 035 |
|
|
|a (RuTPU)RU\TPU\book\202814
|
| 090 |
|
|
|a 186933
|
| 100 |
|
|
|a 20101108d2010 m y0rusy50 ca
|
| 101 |
0 |
|
|a rus
|
| 102 |
|
|
|a RU
|
| 105 |
|
|
|a a j 001zy
|
| 200 |
1 |
|
|a Электродинамика и распространение радиоволн
|e учебное пособие
|f В. В. Никольский, Т. И. Никольская
|
| 205 |
|
|
|a 4-е изд.
|
| 210 |
|
|
|a Москва
|c URSS
|d 2010
|
| 215 |
|
|
|a 542 с.
|c ил.
|
| 320 |
|
|
|a Библиогр.: с. 540-542.
|
| 330 |
|
|
|a В настоящем учебном пособии излагается теория электромагнетизма с акцентом на радиотехническую электродинамику и анализ волновых процессов. Рассматриваются отражение и преломление волн, излучение, дифракция, процессы в полых и диэлектрических волноводах, резонаторах, периодических, квазиоптических и иных структурах, в интегральных схемах СВЧ и пр. Обсуждаются методы математического моделирования в электродинамике, опирающиеся на применение ЭВМ. Отличительной особенностью книги является большое число картин электромагнитных полей, рассчитанных и построенных на ЭВМ. Пособие предназначено для студентов радиотехнических специальностей, а также инженеров — радиотехников и радиофизиков; будет полезно преподавателям при формировании лекционных курсов.
|
| 606 |
1 |
|
|a Электродинамика
|2 stltpush
|3 (RuTPU)RU\TPU\subj\19944
|9 45105
|
| 606 |
1 |
|
|a Радиоволны
|x Распространение
|2 stltpush
|3 (RuTPU)RU\TPU\subj\69991
|9 84585
|
| 610 |
1 |
|
|a электромагнитные поля
|
| 610 |
1 |
|
|a электромагнетизм
|
| 610 |
1 |
|
|a электромагнитные волны
|
| 610 |
1 |
|
|a электромагнитные колебания
|
| 610 |
1 |
|
|a оптика
|
| 610 |
1 |
|
|a резонаторы
|
| 610 |
1 |
|
|a излучение
|
| 610 |
1 |
|
|a дифракция
|
| 610 |
1 |
|
|a вычислительные методы
|
| 610 |
1 |
|
|a учебные пособия
|
| 675 |
|
|
|a 537.8(075.8)
|v 3
|
| 675 |
|
|
|a 621.371(075.8)
|v 3
|
| 700 |
|
1 |
|a Никольский
|b В. В.
|g Вячеслав Владимирович
|
| 701 |
|
1 |
|a Никольская
|b Т. И.
|g Татьяна Ивановна
|
| 801 |
|
1 |
|a RU
|b 63413507
|c 20101108
|
| 801 |
|
2 |
|a RU
|b 63413507
|c 20150520
|g RCR
|
| 942 |
|
|
|c BK
|